Revúca

Zobrazenie: V bielom orámovaní pohľad z výšky na námestie s budovou Mestského hostinca (reduta) v úzadí, v popredí listnané stromy lemujúce diagonálne vedenú komunikáciu, v ľavom dolnom rohu tri postavy

Bibliographic Details
Format: Postcard
Language:Slovak
PhysicalDescription:1 pohľadnica čiernobiela 9 x 14 cm
Published: [Bratislava] Tatran 1950
Subjects:

MARC

LEADER 00000nkm a2200000 a 4500
001 vtls011710919
003 SK-MaSNL
005 20260512123522.0
007 kp bo
008 240131s1950 xo g 00 kuslo
015 |a SNBG1950 
035 |a urn:nbn:sk:snk-km00dw5i 
035 |a urn:nbn:sk:snk-km3lrwj 
035 |a CBDA2863-8734-4369-8CDE-42647FFDD11C 
040 |a SNK  |b slo  |c SNK  |e AACR2 
041 0 |a slo 
043 |a e-xo--- 
044 |a xo  |c SK 
072 7 |a 913  |x Regionálna geografia  |2 konspekt 
080 |a 913(437.6)  |2 2011 
080 |a 711.435  |2 2011 
080 |a (084.121)  |2 2011 
245 0 0 |a Revúca  |h grafika 
260 |a [Bratislava]  |b Tatran  |c 1950 
300 |a 1 pohľadnica  |b čiernobiela  |c 9 x 14 cm 
520 8 |a Zobrazenie: V bielom orámovaní pohľad z výšky na námestie s budovou Mestského hostinca (reduta) v úzadí, v popredí listnané stromy lemujúce diagonálne vedenú komunikáciu, v ľavom dolnom rohu tri postavy 
651 7 |a Revúca (Slovensko)  |2 SNKPH  |9 31503 
655 7 |a miestne pohľadnice  |2 SNKPH  |9 70510 
852 |a Slovenská národná knižnica 
958 |a GBN 
958 |a GC 
958 |a OND 
958 |a EUIPO 
999 |c 766554  |d 768484 
952 |a SNK  |b SNK  |y PREZ  |7 0  |p 17A1220424  |o snkSP 27400  |0 0  |1 0  |4 0  |d 2017-09-14  |f 1  |l 0  |r 2026-02-24 00:21:52  |w 2026-02-24